Quantum Chemistry (Record no. 478616)

000 -LEADER
fixed length control field 01252cam a22003494a 4500
001 - CONTROL NUMBER
control field 14023104
003 - CONTROL NUMBER IDENTIFIER
control field NUST
005 - DATE AND TIME OF LATEST TRANSACTION
control field 20180606061233.0
008 - FIXED-LENGTH DATA ELEMENTS--GENERAL INFORMATION
fixed length control field 050701s2006 maua b 001 0 eng
010 ## - LIBRARY OF CONGRESS CONTROL NUMBER
LC control number 2005019099
020 ## - INTERNATIONAL STANDARD BOOK NUMBER
International Standard Book Number 012457551X
035 ## - SYSTEM CONTROL NUMBER
System control number (OCoLC)ocm60798495
038 ## - RECORD CONTENT LICENSOR
Staff Name SNS Library
040 ## - CATALOGING SOURCE
Original cataloging agency DLC
Transcribing agency DLC
Modifying agency YDX
-- BAKER
-- DLC
042 ## - AUTHENTICATION CODE
Authentication code pcc
050 00 - LIBRARY OF CONGRESS CALL NUMBER
Classification number QD462
Item number .L69 2006
082 00 - DEWEY DECIMAL CLASSIFICATION NUMBER
Classification number 541.28 LOW 2009
Edition number 22
100 1# - MAIN ENTRY--PERSONAL NAME
Personal name John P. Lowe, Kirk A. Peterson
9 (RLIN) 10733
245 10 - TITLE STATEMENT
Title Quantum Chemistry
Statement of responsibility, etc. John P. Lowe, Kirk A. Peterson.
250 ## - EDITION STATEMENT
Edition statement 3rd ed.
260 ## - PUBLICATION, DISTRIBUTION, ETC.
Place of publication, distribution, etc. Burlington, MA :
Name of publisher, distributor, etc. Elsevier Academic Press,
Date of publication, distribution, etc. c2006.
300 ## - PHYSICAL DESCRIPTION
Extent xxii, 703 p. :
Other physical details ill. ; Hb.
Dimensions 27 cm.
504 ## - BIBLIOGRAPHY, ETC. NOTE
Bibliography, etc. note Includes bibliographical references and index.
650 #0 - SUBJECT ADDED ENTRY--TOPICAL TERM
Topical term or geographic name entry element Quantum chemistry.
9 (RLIN) 659
700 1# - ADDED ENTRY--PERSONAL NAME
Personal name Peterson, Kirk A.
9 (RLIN) 660
856 41 - ELECTRONIC LOCATION AND ACCESS
Materials specified Table of contents only
Uniform Resource Identifier <a href="http://www.loc.gov/catdir/toc/ecip0515/2005019099.html">http://www.loc.gov/catdir/toc/ecip0515/2005019099.html</a>
856 42 - ELECTRONIC LOCATION AND ACCESS
Materials specified Publisher description
Uniform Resource Identifier <a href="http://www.loc.gov/catdir/enhancements/fy0661/2005019099-d.html">http://www.loc.gov/catdir/enhancements/fy0661/2005019099-d.html</a>
906 ## - LOCAL DATA ELEMENT F, LDF (RLIN)
a 7
b cbc
c orignew
d 1
e ecip
f 20
g y-gencatlg
942 ## - ADDED ENTRY ELEMENTS (KOHA)
Source of classification or shelving scheme
Koha item type Book
Holdings
Withdrawn status Lost status Source of classification or shelving scheme Damaged status Not for loan Permanent Location Current Location Date acquired Total Checkouts Full call number Barcode Date last seen Price effective from Koha item type
          School of Natural Sciences (SNS) School of Natural Sciences (SNS) 06/06/2018   541.28 LOW 2009 SNS0002588 06/06/2018 06/06/2018 Book
© 2023 Central Library, National University of Sciences and Technology. All Rights Reserved.